[Event "Pontevedra op-B 6th"]
[Site "Pontevedra"]
[Date "2018.08.13"]
[Round "8"]
[White "Garcia Suarez, Belarmino"]
[Black "Sanchez Garcia, Rafael"]
[Result "1-0"]
[WhiteElo "1803"]
[BlackElo "1402"]
[PlyCount "105"]
[EventDate "2018.08.08"]
[EventType "swiss"]
[EventRounds "9"]
[EventCountry "ESP"]
[SourceTitle "CBM 186 Extra"]
[Source "ChessBase"]
[SourceDate "2018.08.24"]
[SourceVersion "1"]
[SourceVersionDate "2018.08.24"]
[SourceQuality "1"]

1. d4 Nf6 2. c4 g6 3. Nc3 Bg7 4. e4 d6 5. f3 Nbd7 6. Be3 0-0 7. Bd3 c6 8. Qd2 Qc7 9. Nge2 b6 10. Bh6 Bb7 11. h4 e5 12. d5 Nc5 13. Bc2 a5 14. g4 Bxh6 15. Qxh6 Kh8 16. h5 Ng8 17. Qg5 f6 18. Qd2 g5 19. Ng3 Nh6 20. 0-0-0 a4 21. dxc6 Bxc6 22. Qxd6 Qxd6 23. Rxd6 Rac8 24. Rhd1 Kg7 25. Kb1 Rf7 26. Nf1 Rb7 27. Ne3 b5 28. cxb5 Bxb5 29. Nxb5 Rxb5 30. Rd8 Rcb8 31. Rxb8 Rxb8 32. a3 Nf7 33. Nd5 Nd8 34. Nc3 Nc6 35. Nxa4 Nxa4 36. Rd7+ Kg8 37. Bxa4 Nd4 38. Bd1 Nb5 39. Ka2 Rc8 40. Bb3+ Kh8 41. Be6 Re8 42. Bf5 Nd4 43. Bxh7 Nxf3 44. Bg6 Nh2 45. Bxe8 Nxg4 46. b4 Ne3 47. Rd3 Nc2 48. Bg6 Nd4 49. h6 g4 50. b5 g3 51. b6 g2 52. b7 Nc6 53. b8Q+ 1-0

[Event "Pontevedra op-B 6th"]
[Site "Pontevedra"]
[Date "2018.08.12"]
[Round "7"]
[White "Sanchez Garcia, Rafael"]
[Black "Arias Pineiro, Alejandro I"]
[Result "1-0"]
[WhiteElo "1402"]
[BlackElo "1658"]
[PlyCount "47"]
[EventDate "2018.08.08"]
[EventType "swiss"]
[EventRounds "9"]
[EventCountry "ESP"]
[SourceTitle "CBM 186 Extra"]
[Source "ChessBase"]
[SourceDate "2018.08.24"]
[SourceVersion "1"]
[SourceVersionDate "2018.08.24"]
[SourceQuality "1"]

1. e4 e6 2. d4 d5 3. e5 c5 4. c3 Nc6 5. Nf3 Nh6 6. a3 cxd4 7. cxd4 Nf5 8. b4 Qb6 9. Bb2 a5 10. b5 a4 11. Be2 Be7 12. h4 h5 13. Qd3 0-0 14. Bc3 Na5 15. Nbd2 Bd7 16. Ng5 Rfc8 17. g4 hxg4 18. Bxg4 Qxb5 19. Qf3 Qc6 20. Rc1 Bxa3 21. Bxf5 Bxc1 22. Qh5 Qxc3 23. Bh7+ Kh8 24. Nxf7# 1-0